000 00644nam a2200217Ii 4500
003 JO-AjNU
008 230606s9999||||xx |||||||||||||| ||und||
020 _a0-07-033350-5
040 _aJO-AjNU
_beng
_erda
_cJO-AjNU
041 _aeng
050 1 4 _aHD31.K33.1974
100 3 _aKAST,FREMONT E/JAMES E . ROSENZWEIG,
_eauthor
_92886
245 0 0 _aORGANIZATION AND MANAGEMENT A SYSTEMS APPROACH
250 _a2nd ed
264 3 1 _aTOKYO:McGraw-Hill KOGAKUSHA,1974
300 _a389p
336 _atext
_btxt
_2rdacontent
337 _aunmediated
_bn
_2rdamedia
338 _avolume
_bnc
_2rdacarrier
650 4 _aOrganization-Management
_92887
999 _aE1512
_c1512
_d1512